[Event "World Amateur U2300"]
[Site "Spoleto ITA"]
[Date "2017.04.08"]
[Round "9.22"]
[White "Conti,J"]
[Black "Verrascina,R"]
[Result "0-1"]
[WhiteElo "2037"]
[BlackElo "2190"]
[EventType "swiss"]

1.e4 Nf6 2.Nc3 d5 3.exd5 Nxd5 4.Nf3 e6 5.g3 c5 6.Bg2 Be7 7.O-O O-O 8.Re1 Nc6
9.a3 b6 10.Nxd5 exd5 11.d4 Be6 12.c3 Rc8 13.Be3 Qd7 14.Qd2 Na5 15.Ne5 Qb5
16.a4 Qe8 17.Ra2 c4 18.h3 f6 19.Ng4 Qd7 20.f3 Rfe8 21.Kh2 Bf8 22.Re2 Nb3
23.Qe1 Bf5 24.Nf2 Re7 25.a5 b5 26.Ra3 Rce8 27.Rxb3 cxb3 28.Bf1 Re6 {#R} 0-1

[Event "World Amateur U2300"]
[Site "Spoleto ITA"]
[Date "2017.04.08"]
[Round "9.23"]
[White "Grinev,B"]
[Black "Taksrud,V"]
[Result "1-0"]
[WhiteElo "2129"]
[BlackElo "1930"]
[EventType "swiss"]

1.d4 Nf6 2.Bf4 e6 3.e3 c5 4.c3 Nc6 5.Nd2 cxd4 6.exd4 d5 7.Ngf3 Bd6 8.Bxd6 Qxd6
9.Bb5 O-O 10.O-O Rb8 11.Re1 a6 12.Bd3 Qf4 13.h3 Ne8 14.Re3 f5 15.Ne5 Nd6
16.Ndf3 Ne4 17.Qe1 Ne7 18.a4 Rf6 19.c4 Qh6 20.Qb4 Ng6 21.Nxg6 Qxg6 22.Ne5 Qe8
23.cxd5 exd5 24.f3 Ng3 25.Ree1 Qd8 26.Rac1 Qd6 27.Rc5 Be6 28.Nc4 dxc4 29.Rxe6
Qxd4+ 30.Kh2 Rxe6 31.Bxc4 Nf1+ 32.Kh1 b6 33.Bxe6+ Kh8 34.Qxb6 Rd8 35.Qxd8+
Qxd8 36.Rc8 Qxc8 37.Bxc8 a5 38.Be6 Ng3+ 39.Kg1 Ne2+ 40.Kf2 Nd4 41.Bd5 f4
42.Ke1 Nc2+ 43.Kd2 Ne3 44.Bc6 Nxg2 45.b4 axb4 46.a5 Nh4 47.Be4 b3 48.a6 b2
49.a7 {#r} 1-0

[Event "World Amateur U2300"]
[Site "Spoleto ITA"]
[Date "2017.04.08"]
[Round "9.25"]
[White "Lujan,Nelson"]
[Black "Sandhya,G"]
[Result "1-0"]
[WhiteElo "2012"]
[BlackElo "1845"]
[EventType "swiss"]

1.e4 c5 2.Nf3 d6 3.d4 cxd4 4.Nxd4 Nf6 5.Nc3 a6 6.f3 e5 7.Nb3 Be6 8.Bg5 Nbd7
9.Qd2 Be7 10.O-O-O b5 11.h4 h6 12.Be3 h5 13.Be2 Qc7 14.Kb1 Nb6 15.Bxb5+ axb5
16.Nxb5 Qc6 17.Nxd6+ Kf8 18.Bxb6 Qxb6 19.Nf5 Bb4 20.Qe3 Qxe3 21.Nxe3 Bxb3
22.axb3 Ke7 23.c3 Bc5 24.Nf5+ Kf8 25.b4 Be7 26.Kc2 g6 27.Nd6 Bxd6 28.Rxd6 Ke7
29.Rhd1 Rhd8 30.Rxd8 Rxd8 31.Rxd8 Kxd8 32.c4 Nd7 33.Kc3 f5 34.c5 Kc7 35.Kc4
fxe4 36.fxe4 Nf6 37.b5 Kb7 38.b6 Nxe4 39.Kd5 Nd2 40.Kxe5 Kc6 41.Kf6 Ne4+
42.Kxg6 Nxc5 43.Kxh5 Nd3 44.Kg5 Nxb2 45.h5 Nc4 46.h6 Ne5 47.h7 Kxb6 48.Kf6
Nd7+ 49.Kg7 {#r} 1-0

[Event "World Amateur U2300"]
[Site "Spoleto ITA"]
[Date "2017.04.08"]
[Round "9.27"]
[White "Petruccioli,A"]
[Black "Akeya-Price,Robert"]
[Result "1-0"]
[WhiteElo "1986"]
[BlackElo "1706"]
[EventType "swiss"]

1.Nf3 d5 2.b4 e6 3.Bb2 Nf6 4.a3 a5 5.b5 Nbd7 6.e3 Be7 7.g4 Nxg4 8.Bxg7 Rg8
9.Bb2 Bh4 10.Nxh4 Qxh4 11.Qf3 Rg5 12.Qg3 Qh6 13.h4 Rg8 14.f3 Ngf6 15.Qxc7 Qg6
16.Kf2 Nh5 17.Bh3 f5 18.Nc3 f4 19.Ne2 Rf8 20.exf4 Qh6 21.f5 exf5 22.Rae1 Qxd2
23.Bc1 Qxe1+ 24.Rxe1 Kf7 25.Bxf5 Nf6 26.Bb2 Kg8 27.Be6+ Kh8 28.Bxd7 Bxd7 {#r}
1-0

[Event "World Amateur U2300"]
[Site "Spoleto ITA"]
[Date "2017.04.08"]
[Round "9.28"]
[White "De Weird,Matthias"]
[Black "Palma,Maria"]
[Result "0-1"]
[WhiteElo "1952"]
[BlackElo "1976"]
[EventType "swiss"]

1.e4 e6 2.d4 d5 3.Nc3 Nc6 4.Nf3 Nf6 5.Bd3 Bb4 6.e5 Ne4 7.Bd2 Nxd2 8.Qxd2 Be7
9.Ne2 Nb4 10.Bb5+ Bd7 11.Bxd7+ Qxd7 12.c3 Nc6 13.b4 b6 14.Nf4 O-O 15.h4 f6
16.g3 Rae8 17.O-O-O a5 18.a3 Na7 19.Kb2 c5 20.Qd3 axb4 21.Ng5 bxc3+ 22.Ka2
fxg5 23.hxg5 Rf5 24.g4 Qa4 25.gxf5 Nb5 26.Rd2 Qxa3+ 27.Kb1 Qb3+ 28.Kc1 Ra8
29.Qb1 cxd2+ 30.Kxd2 Qc3+ 31.Ke2 Nxd4+ 32.Kf1 Ra1 {#R} 0-1

[Event "World Amateur U2300"]
[Site "Spoleto ITA"]
[Date "2017.04.08"]
[Round "9.29"]
[White "Quinzio,M"]
[Black "Rivola,F"]
[Result "1-0"]
[WhiteElo "2013"]
[BlackElo "1913"]
[EventType "swiss"]

1.d4 e6 2.Nf3 f5 3.Bf4 Nf6 4.e3 b6 5.Nbd2 Bb7 6.h3 Bd6 7.Bxd6 cxd6 8.c4 Nc6
9.a3 O-O 10.b4 e5 11.d5 Ne7 12.b5 a6 13.a4 Ra7 14.Be2 Qc7 15.O-O Rfa8 16.Nb3
Ne4 17.Qd3 Qd8 18.Nfd2 Nxd2 19.Qxd2 Ng6 20.f4 exf4 21.exf4 Qf6 22.Rac1 axb5
23.axb5 Ra3 24.Qc3 Qxc3 25.Rxc3 Re8 26.Bd3 Ne7 27.Re1 Kf7 28.Ra1 Rea8 29.Rxa3
Rxa3 30.Bc2 g6 31.Rf3 Ng8 32.Nd4 Rxf3 33.Nxf3 Nf6 34.Nd4 Nh5 35.Ne2 Nf6 36.Kf2
Ke7 37.Kf3 Nxd5 38.cxd5 Bxd5+ 39.Kf2 Bc4 40.Nd4 d5 41.g4 fxg4 42.hxg4 Kf6
43.g5+ Kg7 44.Ke3 h6 45.Bd3 h5 46.Nf3 d6 47.Kd4 Ba2 48.Nh4 {#r} 1-0

[Event "185th MGU Open 2017"]
[Site "Sofia BUL"]
[Date "2017.04.08"]
[Round "2.2"]
[White "Gelemerov,Yane"]
[Black "Kostov,N"]
[Result "0-1"]
[WhiteElo "1976"]
[BlackElo "1668"]

1.e4 d5 2.exd5 Nf6 3.Bb5+ Bd7 4.Bc4 c6 5.dxc6 Nxc6 6.Nf3 h6 7.O-O e5 8.Re1 Bg4
9.h3 Bh5 10.g4 Nxg4 11.hxg4 Bxg4 12.Be2 Bd6 13.Nc3 O-O 14.d3 f5 15.Nh2 Qh4
16.Nf1 Rf6 17.Bxg4 Rg6 18.f3 fxg4 19.f4 Nd4 20.Be3 Nf3+ 21.Kg2 exf4 22.Bg1
Qh3+ 23.Kf2 Bc5+ {#R} 0-1

[Event "185th MGU Open 2017"]
[Site "Sofia BUL"]
[Date "2017.04.08"]
[Round "3.4"]
[White "Babatov,Martin"]
[Black "Markov,Daniel"]
[Result "1-0"]
[WhiteElo "1709"]
[BlackElo "1152"]

1.d4 Nf6 2.c4 g6 3.Nc3 Bg7 4.e4 d6 5.f3 O-O 6.Be3 Nbd7 7.Qd2 Re8 8.Bd3 c5 9.d5
Ne5 10.Nge2 e6 11.h3 a6 12.f4 Nxd3+ 13.Qxd3 Bd7 14.g4 exd5 15.cxd5 Nxg4
16.hxg4 Bxg4 17.O-O-O b5 18.Rdg1 Bxe2 19.Nxe2 Qa5 20.Qb1 c4 21.Bd4 Bxd4
22.Nxd4 c3 23.Nc6 cxb2+ 24.Qxb2 Qa4 25.Rxh7 Qc4+ 26.Kd2 f6 27.Rgh1 g5 28.Rh8+
Kg7 29.R1h7+ Kg6 30.f5# 1-0

[Event "185th MGU Open 2017"]
[Site "Sofia BUL"]
[Date "2017.04.08"]
[Round "3.5"]
[White "Arshinkova,Boryana"]
[Black "Georgiev,Nikolay"]
[Result "0-1"]
[WhiteElo "1251"]
[BlackElo "1574"]

1.e4 e5 2.f4 exf4 3.d4 Qh4+ 4.Ke2 Nf6 5.Nf3 Qg4 6.Ke1 Be7 7.Bd3 O-O 8.Kf2 d5
9.Re1 dxe4 10.Bxe4 Nxe4+ 11.Rxe4 Bd6 12.Re1 Bf5 13.Kg1 Nc6 14.Nc3 Nb4 15.Re2
Rfe8 16.Rf2 c6 17.a3 Na6 18.Rf1 Kf8 19.Nd2 Qxd1 20.Rxd1 Bxc2 21.Rf1 Bd3 22.Rf2
Re1+ 23.Nf1 Rae8 24.h3 Nc7 25.Rf3 Be2 26.Nxe2 R8xe2 27.Kh2 Nd5 28.Nd2 Rxd2
29.Bxd2 Rxa1 30.b4 Ke8 31.h4 Kd7 32.Kh3 Kc7 33.Rb3 Kb6 34.Rf3 Kb5 35.Rb3 Ka4
36.Rf3 Rxa3 37.Rxa3+ Kxa3 {#R} 0-1

[Event "185th MGU Open 2017"]
[Site "Sofia BUL"]
[Date "2017.04.08"]
[Round "3.6"]
[White "Kononenko,Vladimir"]
[Black "Gelemerov,Yane"]
[Result "0-1"]
[WhiteElo "1329"]
[BlackElo "1976"]

1.e4 e5 2.Nf3 Nc6 3.Bc4 Bc5 4.c3 Qe7 5.O-O d6 6.d4 Bb6 7.h3 Nf6 8.Bg5 h6
9.Bxf6 Qxf6 10.Nbd2 Ne7 11.d5 O-O 12.Re1 Ng6 13.Qe2 Nf4 14.Qd1 Bxh3 15.gxh3
Qg6+ 16.Kf1 Qg2# 0-1

[Event "ch-KAZ Women 2017"]
[Site "Almaty KAZ"]
[Date "2017.04.08"]
[Round "6.2"]
[White "Ankudinova,Y"]
[Black "Karabayeva,Z"]
[Result "0-1"]
[WhiteElo "2166"]
[BlackElo "2066"]

1.c4 e5 2.Nc3 Nc6 3.g3 g6 4.Bg2 Bg7 5.d3 Nge7 6.e3 O-O 7.Nge2 d6 8.O-O Be6
9.Nd5 f5 10.Rb1 a6 11.Bd2 Qd7 12.b4 Rae8 13.a4 Nd8 14.b5 axb5 15.axb5 b6
16.Qb3 Bf7 17.Nb4 Ne6 18.Ra1 Nc5 19.Qc2 d5 20.Ra7 dxc4 21.dxc4 Rd8 22.Bc1 e4
23.Nf4 Nc8 24.Ra8 Nd6 25.Rxd8 Rxd8 26.Rd1 g5 27.Nfd5 Ra8 28.Bb2 Bh5 29.Rd2 Qf7
30.Nxb6 Rf8 31.N6d5 Bxb2 32.Qxb2 Nxc4 33.Qc3 Nxd2 34.Qxd2 Nd3 35.Nc6 Re8
36.Qa2 Kg7 37.Qa1+ Kh6 38.Qd4 Bg6 39.h3 Re6 40.Qc3 Rd6 41.Nde7 Qg7 42.Qa5 Qb2
43.Qxc7 Qxf2+ 44.Kh2 Ne1 45.Nxf5+ Bxf5 46.Qxd6+ Bg6 {#R} 0-1

[Event "ch-KAZ Women 2017"]
[Site "Almaty KAZ"]
[Date "2017.04.08"]
[Round "6.3"]
[White "Kairbekova,Amina"]
[Black "Abdumalik,Z"]
[Result "0-1"]
[WhiteElo "1768"]
[BlackElo "2442"]

1.e4 e6 2.d4 d5 3.e5 c5 4.c3 Nc6 5.Nf3 Qb6 6.a3 Nh6 7.b4 cxd4 8.cxd4 Nf5 9.Bb2
Bd7 10.g4 Nfe7 11.Nc3 Qd8 12.Bd3 Nc8 13.Na4 a6 14.Nc5 b5 15.Bc1 Nb6 16.Bf4 Bc8
17.Qb3 Nc4 18.h4 h5 19.gxh5 Rxh5 20.Rg1 a5 21.Bd2 Qc7 22.Bxc4 dxc4 23.Qd1 Rf5
24.Bc3 axb4 {#R} 0-1

[Event "ch-KAZ Women 2017"]
[Site "Almaty KAZ"]
[Date "2017.04.08"]
[Round "6.4"]
[White "Rysbayeva,K"]
[Black "Barmagambetova,Sakypzhama"]
[Result "1-0"]
[WhiteElo "2043"]
[BlackElo "1829"]

1.e4 e6 2.d4 d5 3.Nd2 Nf6 4.e5 Nfd7 5.Bd3 c5 6.c3 Nc6 7.Ndf3 Be7 8.Ne2 f6
9.Nf4 Nf8 10.exf6 Bxf6 11.dxc5 Qe7 12.Be3 Nd7 13.Qe2 Qf7 14.O-O-O Be7 15.Kb1
O-O 16.h4 g6 17.h5 g5 18.Ng6 Re8 19.Bxg5 Nf8 20.Nfe5 Qg7 21.h6 Qh8 22.Nxh8
{#r} 1-0

[Event "ch-KAZ Women 2017"]
[Site "Almaty KAZ"]
[Date "2017.04.08"]
[Round "6.5"]
[White "Mukhit,Aisezym"]
[Black "Davletbayeva,M"]
[Result "0-1"]
[WhiteElo "2016"]
[BlackElo "2291"]

1.d4 Nf6 2.c4 e6 3.Nc3 Bb4 4.e3 b6 5.Bd3 Bb7 6.Ne2 Bxg2 7.Rg1 Bf3 8.Qc2 Nh5
9.Be4 Bxe4 10.Qxe4 Nc6 11.d5 Ne7 12.Qf3 Nf6 13.a3 Bxc3+ 14.Nxc3 Ng6 15.e4 exd5
16.Bg5 c6 17.cxd5 Qe7 18.O-O-O O-O-O 19.Qe2 Kb7 20.f4 Qc5 21.f5 Ne5 22.Be3 Qc4
23.Qc2 cxd5 24.exd5 Rhg8 25.Rd4 Qc7 26.Ra4 Kb8 27.d6 Qc6 28.Kb1 Rc8 29.Qb3 Nc4
30.Bf4 Ne4 31.Rd1 Nxb2 32.Nxe4 Nxa4 33.Re1 Rge8 {#R} 0-1

[Event "Bundesliga 2016-17"]
[Site "Munich GER"]
[Date "2017.04.08"]
[Round "11.3"]
[White "Howell,D"]
[Black "Fedorovsky,M"]
[Result "1-0"]
[WhiteElo "2644"]
[BlackElo "2498"]
[EventType "team"]

1.c4 c5 2.Nf3 Nc6 3.d4 cxd4 4.Nxd4 Nf6 5.Nc3 e6 6.Bf4 d5 7.e3 Bb4 8.Be2 dxc4
9.Nxc6 Qxd1+ 10.Rxd1 bxc6 11.Bxc4 Nd5 12.Bg3 Nxc3 13.bxc3 Bxc3+ 14.Ke2 O-O
15.Rd3 Bf6 16.Rb1 Rd8 17.Bd6 e5 18.e4 a5 19.Rb6 Ra7 20.f3 Be6 21.Bxe6 fxe6
22.Bb8 Rxd3 23.Kxd3 Rd7+ 24.Kc3 Rd1 25.Rb2 Kf7 26.Bc7 a4 27.Kb4 Rd4+ 28.Kc3
Rd1 29.Rc2 Ke7 30.Bb6 Bg5 31.Bc5+ Kd7 32.Kb4 Be7 33.Bxe7 Kxe7 34.Kxa4 Kd6
35.Kb3 c5 36.a4 Kc6 37.Ra2 Rd3+ 38.Kc2 Rd4 39.a5 Kb7 40.a6+ Ka7 41.Ra5 Rc4+
42.Kd2 g5 43.g4 h6 44.h3 Rd4+ 45.Kc3 Rd1 46.Rxc5 Ra1 47.Rxe5 Rxa6 48.Kd4 Kb7
49.h4 Kc7 50.hxg5 {#r} 1-0

[Event "Bundesliga 2016-17"]
[Site "Munich GER"]
[Date "2017.04.08"]
[Round "11.3"]
[White "Johansson,Linus"]
[Black "Buhmann,R"]
[Result "1-0"]
[WhiteElo "2399"]
[BlackElo "2633"]
[EventType "team"]

1.d4 Nf6 2.c4 e6 3.Nc3 Bb4 4.e3 b6 5.Ne2 Ne4 6.Qc2 Bb7 7.a3 Bxc3+ 8.Nxc3 Nxc3
9.Qxc3 d6 10.d5 O-O 11.b4 a5 12.Bb2 Qg5 13.h4 Qh6 14.g4 axb4 15.axb4 Rxa1+
16.Bxa1 Qg6 17.Be2 Nd7 18.h5 Qf6 19.Qc1 Qe7 20.Qc3 f6 21.h6 g6 22.g5 e5
23.gxf6 Qxf6 24.f4 Qf5 25.Qd3 Qxd3 26.Bxd3 b5 27.cxb5 Bxd5 28.Rh2 exf4 29.Bg7
Re8 30.Rc2 Rxe3+ 31.Kd2 Be4 32.Bxe4 Rxe4 33.Rxc7 Nb6 34.Rc6 Na4 35.Rxd6 Rxb4
36.Rf6 {#r} 1-0

[Event "ch-Moscow Final 2017"]
[Site "Moscow RUS"]
[Date "2017.04.07"]
[Round "7.1"]
[White "Dvalishvili,P"]
[Black "Gordievsky,D"]
[Result "0-1"]
[WhiteElo "2423"]
[BlackElo "2596"]

1.e4 g6 2.d4 Bg7 3.Nc3 d6 4.Nf3 Nf6 5.Be2 O-O 6.O-O e5 7.dxe5 a6 8.a4 Nc6 9.h3
dxe5 10.Be3 Be6 11.Ng5 Qe7 12.Nxe6 fxe6 13.Qd3 Nd4 14.Qc4 Ne8 15.Bd1 Nd6
16.Qa2 Rf7 17.Nb1 Nxe4 18.Nd2 Nd6 19.c3 N4f5 20.Bb3 Nxe3 21.fxe3 Rxf1+ 22.Rxf1
Re8 23.Qb1 Bh6 24.Rf3 Qh4 25.Bc2 Rf8 26.Rxf8+ Kxf8 27.Qf1+ Nf5 28.Nc4 b5
29.axb5 axb5 30.Nxe5 Bxe3+ 31.Kh1 Qf4 32.Qxf4 Bxf4 33.Nd3 Bg3 34.Nc5 Ke7
35.Bb3 e5 36.Kg1 Bf4 37.Kf1 Be3 38.Ne4 Bc1 39.Bg8 Bxb2 40.Ke2 h6 41.Kd2 Ba3
42.g4 Nh4 43.Bd5 b4 44.cxb4 Bxb4+ 45.Kd3 Ng2 46.Kc4 Ne3+ 47.Kxb4 Nxd5+ 48.Kc5
Nf6 {#R} 0-1

[Event "ch-Moscow Final 2017"]
[Site "Moscow RUS"]
[Date "2017.04.07"]
[Round "7.2"]
[White "Sarana,A"]
[Black "Ivanov,Ol UKR"]
[Result "1-0"]
[WhiteElo "2464"]
[BlackElo "2462"]

1.d4 d5 2.Nf3 Nf6 3.c4 e6 4.Nc3 Be7 5.g3 O-O 6.Bg2 c6 7.O-O b6 8.Ne5 Bb7 9.e4
dxc4 10.Nxc4 b5 11.Ne5 Nbd7 12.Nd3 c5 13.e5 Nd5 14.Nxd5 Bxd5 15.Bxd5 exd5
16.dxc5 Nxc5 17.Nb4 d4 18.Nc6 Qc7 19.Nxd4 Qxe5 20.Nc6 Qe4 21.Qd5 Bf6 22.Qxc5
Rfc8 23.Qxb5 Qxc6 24.Qxc6 Rxc6 25.Rd1 Rc2 26.Rb1 Rb8 27.Rd7 a5 28.a4 Rc4
29.Bf4 Rb3 30.Rc7 Rd4 31.Rc8+ Rd8 32.Rxd8+ Bxd8 33.Re1 g5 34.Be5 f6 35.Bc3 Kf7
36.Rd1 Be7 37.Rd5 Ba3 38.Rb5 Rxb5 39.axb5 Bd6 40.Bxa5 g4 41.Bd8 {#r} 1-0

[Event "ch-Moscow Final 2017"]
[Site "Moscow RUS"]
[Date "2017.04.07"]
[Round "7.4"]
[White "Geivondian,Arman"]
[Black "Gavrilov,Al1"]
[Result "0-1"]
[WhiteElo "2388"]
[BlackElo "2487"]

1.d4 Nf6 2.Nf3 e6 3.c4 b6 4.a3 Ba6 5.e3 d5 6.Nbd2 c5 7.b4 Bd6 8.dxc5 bxc5 9.b5
Bb7 10.Bb2 O-O 11.Be2 a6 12.a4 axb5 13.axb5 Rxa1 14.Qxa1 Nbd7 15.O-O Qc7 16.h3
Ra8 17.Qb1 Be7 18.Rc1 h6 19.Qc2 Rc8 20.Bd3 Ne8 21.Bh7+ Kh8 22.cxd5 Bxd5 23.Bd3
Bf6 24.e4 Bb7 25.Nc4 Bxb2 26.Qxb2 Nd6 27.Nfe5 Nxc4 28.Nxc4 Nb6 29.Qe5 Qxe5
30.Nxe5 Kg8 31.Nc4 Nxc4 32.Rxc4 Kf8 33.f4 Ke7 34.Kf2 e5 35.g3 Kd6 36.Ke3 f6
37.Rc3 Ra8 38.Bc4 Ra4 39.Rd3+ Kc7 40.Bd5 Bc8 41.f5 Bd7 42.Rb3 Kb6 43.Be6 Bxb5
44.Rb2 c4 45.Rd2 Ra3+ 46.Kf2 c3 47.Rd6+ Kc5 48.Rd5+ Kb4 49.Ke3 Ra1 {#R} 0-1

[Event "ch-Moscow Women 2017"]
[Site "Moscow RUS"]
[Date "2017.04.07"]
[Round "7.2"]
[White "Fominykh,M"]
[Black "Dimitrova,Aleksandra"]
[Result "1-0"]
[WhiteElo "2301"]
[BlackElo "2246"]

1.Nf3 Nf6 2.g3 d5 3.Bg2 Bg4 4.b3 Nbd7 5.Bb2 c6 6.d3 e6 7.Nbd2 Bd6 8.h3 Bh5
9.O-O O-O 10.e4 e5 11.Qe1 Re8 12.Nh4 Qc7 13.Nf5 Bf8 14.Kh1 dxe4 15.dxe4 b5
16.a4 a6 17.Ba3 Bxa3 18.Rxa3 Nc5 19.Qe3 Ne6 20.b4 c5 21.c3 Red8 22.Rfa1 bxa4
23.Rxa4 Rab8 24.Rxa6 cxb4 25.cxb4 Rxb4 26.Rc6 Qd7 27.Nc4 Nd4 28.Rd6 Qe8
29.Rxd8 Qxd8 30.Nxe5 Nc2 31.Qd2 Qe8 32.Qxc2 Qxe5 33.Qc3 Qb8 34.Qxb4 Qxb4
35.Ra8+ {#r} 1-0

[Event "ch-Moscow Women 2017"]
[Site "Moscow RUS"]
[Date "2017.04.07"]
[Round "7.3"]
[White "Drozdova,D"]
[Black "Bogachkova,Alena"]
[Result "1-0"]
[WhiteElo "2196"]
[BlackElo "2105"]

1.d4 d5 2.Nf3 Nf6 3.g3 Bf5 4.Bg2 e6 5.O-O h6 6.c4 c6 7.Qb3 Qb6 8.c5 Qxb3
9.axb3 Bxb1 10.Rxb1 Nbd7 11.b4 O-O-O 12.Ra1 a6 13.Bd2 Ne4 14.Rfc1 Be7 15.Be1
Bf6 16.e3 Nb8 17.h3 h5 18.Nh2 Bg5 19.Nf1 f5 20.Ra3 Rd7 21.Nh2 Bd8 22.Nf3 Bc7
23.h4 Rg8 24.Ne5 Bxe5 25.dxe5 d4 26.Bxe4 fxe4 27.exd4 Rxd4 28.Re3 Nd7 29.Bc3
Rd5 30.Rxe4 g5 31.hxg5 Rxg5 32.Kg2 Nxe5 33.f4 Nd3 34.fxg5 Nxc1 35.g6 Rd8 36.g7
Rg8 37.Rf4 {#r} 1-0

[Event "ch-Moscow Women 2017"]
[Site "Moscow RUS"]
[Date "2017.04.07"]
[Round "7.5"]
[White "Borisova,Ekaterina"]
[Black "Yurovskikh,Yasmin"]
[Result "1-0"]
[WhiteElo "2078"]
[BlackElo "1880"]

1.d4 d5 2.Nf3 Nf6 3.c4 dxc4 4.Qc2 a6 5.e4 b5 6.b3 cxb3 7.axb3 Bb7 8.Bd3 Nc6
9.e5 Nb4 10.Qe2 Nxd3+ 11.Qxd3 Nd5 12.O-O e6 13.Ng5 h6 14.Ne4 Nb4 15.Qf3 Rb8
16.Rd1 Be7 17.Qg4 Bxe4 18.Qxe4 O-O 19.Nc3 Qd7 20.Qg4 Kh8 21.d5 c5 22.d6 Bd8
23.Be3 f5 24.exf6 Bxf6 25.Rac1 Bd4 26.Bxd4 cxd4 27.Qxd4 Nc6 28.Qe3 Nb4 29.Qe4
a5 30.Qd4 Rf5 31.h3 Rbf8 32.Ne4 Nd5 33.Rc2 Rf4 34.f3 R4f5 35.Rdc1 a4 36.Rc7
Nxc7 37.Rxc7 R5f7 38.Rxd7 Rxd7 39.bxa4 bxa4 40.Qxa4 Rdd8 41.Qd4 Kg8 42.Qe5 Kf7
43.Qf4+ Kg8 {#r} 1-0

[Event "ch-Moscow Women 2017"]
[Site "Moscow RUS"]
[Date "2017.04.07"]
[Round "7.6"]
[White "Alieva,A"]
[Black "Utiatskaja,Irina"]
[Result "0-1"]
[WhiteElo "2138"]
[BlackElo "2152"]

1.e4 c5 2.Nf3 d6 3.Bb5+ Nd7 4.O-O a6 5.Bd3 b5 6.c3 c4 7.Bc2 Ngf6 8.b3 Qc7
9.Qe2 Bb7 10.a4 cxb3 11.Bxb3 bxa4 12.Bxa4 Nxe4 13.d4 e6 14.Ng5 Nxg5 15.Bxg5
Be7 16.Bxe7 Kxe7 17.Nd2 Nf6 18.c4 Kf8 19.Rfc1 g6 20.c5 dxc5 21.dxc5 Bd5 22.Bb3
a5 23.Bxd5 exd5 24.Nf3 Qa7 {#R} 0-1

[Event "ch-Moscow Women 2017"]
[Site "Moscow RUS"]
[Date "2017.04.07"]
[Round "7.8"]
[White "Sayafarova,Anna"]
[Black "Zaitseva,Lyudmila"]
[Result "0-1"]
[WhiteElo "1902"]
[BlackElo "1953"]

1.e4 e6 2.d4 d5 3.e5 c5 4.c3 Nc6 5.Nf3 Qb6 6.a3 Bd7 7.b4 cxd4 8.cxd4 Rc8 9.Be3
Nh6 10.Be2 Nf5 11.O-O Be7 12.Qd2 O-O 13.Rc1 a6 14.Nc3 Na7 15.Bd3 Nxe3 16.fxe3
Nb5 17.Na4 Qa7 18.Nc5 b6 19.Nb3 Rxc1+ 20.Qxc1 Rc8 21.Qd2 Qb7 22.a4 Nc3 23.a5
Bxb4 24.axb6 Bb5 25.Ng5 Qe7 26.h4 h6 27.Nf3 Na4 28.Qe2 Qd7 29.Bxb5 axb5 30.Rf1
Nxb6 31.Nh2 Rc3 32.Nc1 Nc4 33.Ng4 Bf8 34.Qe1 b4 35.Qg3 Kh8 36.Ne2 Nd2 37.Rf4
Ra3 38.Qe1 Ne4 39.Qf1 Kg8 40.Qf3 Ra1+ 41.Kh2 Nd2 42.Qg3 Kh8 43.Kh3 Ne4 44.Qf3
Kg8 45.Ng3 Nxg3 46.Kxg3 b3 47.Rf6 b2 48.Rxh6 b1=Q 49.Nf6+ gxf6 50.Qg4+ Qg6
{#R} 0-1

[Event "Karpos Open 2017"]
[Site "Skopje MKD"]
[Date "2017.04.07"]
[Round "8.3"]
[White "Georgiev,Ki"]
[Black "Hovhannisyan,R"]
[Result "1-0"]
[WhiteElo "2633"]
[BlackElo "2619"]

1.d4 d5 2.c4 c6 3.cxd5 cxd5 4.Bf4 Nf6 5.Nc3 Nc6 6.e3 Bf5 7.Qb3 Na5 8.Qa4+ Bd7
9.Qc2 e6 10.Nf3 Be7 11.Bd3 Rc8 12.O-O Nc6 13.a3 Nh5 14.Be5 f6 15.Bg3 f5 16.Be5
Nf6 17.Bf4 O-O 18.h3 Ne4 19.Rfc1 Bf6 20.Qd1 Be8 21.Be2 Bh5 22.Ne1 Bxe2 23.Nxe2
g5 24.Bh2 f4 25.exf4 gxf4 26.Bxf4 Nxd4 27.Nxd4 Bxd4 28.Qxd4 Rxf4 29.Nd3 Rf7
30.Qxa7 Rc4 31.Qe3 Qf6 32.b3 Rc3 33.Rxc3 Qxc3 34.Re1 Qxb3 35.f3 Nf6 36.Qg5+
Kf8 37.Nf4 Qb6+ 38.Kh1 Qf2 39.Nxe6+ Ke7 40.Qc1 Kd6 41.Ng5 Rf8 42.Qf4+ Kd7
43.Qb4 {#r} 1-0

[Event "Karpos Open 2017"]
[Site "Skopje MKD"]
[Date "2017.04.07"]
[Round "8.6"]
[White "Kovchan,A"]
[Black "Blagojevic,Dr"]
[Result "1-0"]
[WhiteElo "2577"]
[BlackElo "2462"]

1.e4 e5 2.Nf3 Nc6 3.Bb5 a6 4.Ba4 Nf6 5.O-O Be7 6.Re1 b5 7.Bb3 d6 8.c3 O-O 9.d4
Bg4 10.Be3 Bh5 11.h3 exd4 12.cxd4 Na5 13.Bc2 Nc4 14.Bc1 d5 15.e5 Ne4 16.Nc3
Nxc3 17.bxc3 Qd7 18.Bd3 Bg6 19.Rb1 Rae8 20.Bf4 c6 21.Bg3 Qd8 22.Re2 Bh5 23.Bf5
Bxf3 24.gxf3 g6 25.Bd3 Bg5 26.f4 Bh6 27.f5 Qg5 28.h4 Qg4 29.f6 Qh3 30.Qe1 Rc8
31.Rd1 Rfe8 32.f4 c5 33.Qf2 cxd4 34.cxd4 Kh8 35.Qf3 Rg8 36.Rh2 Qd7 37.Bb1 b4
38.h5 Bf8 39.hxg6 fxg6 40.f5 gxf5 41.Kh1 Na3 42.e6 {#r} 1-0

[Event "Karpos Open 2017"]
[Site "Skopje MKD"]
[Date "2017.04.07"]
[Round "8.10"]
[White "Erdogdu,M"]
[Black "Miedema,D"]
[Result "0-1"]
[WhiteElo "2446"]
[BlackElo "2353"]

1.e4 e6 2.d4 d5 3.Nc3 Bb4 4.e5 c5 5.a3 Bxc3+ 6.bxc3 Ne7 7.Qg4 O-O 8.Bd3 Nbc6
9.Qh5 Ng6 10.Nf3 Qc7 11.Be3 c4 12.Bxg6 fxg6 13.Qg4 Qf7 14.Ng5 Qe8 15.h4 Ne7
16.Qe2 Bd7 17.g4 b5 18.Kd2 a5 19.h5 h6 20.Nh3 g5 21.f4 gxf4 22.Bxf4 b4 23.axb4
axb4 24.cxb4 c3+ 25.Ke3 Rxa1 26.Rxa1 Bb5 27.Qe1 Nf5+ 28.Kf2 Nxd4 29.Qxc3 Ne2
30.Qd2 Qe7 31.Ra3 Qh4+ 32.Kg2 Nxf4+ 33.Nxf4 Qxg4+ {#R} 0-1

[Event "Karpos Open 2017"]
[Site "Skopje MKD"]
[Date "2017.04.07"]
[Round "8.11"]
[White "Nikolovski,Nikola"]
[Black "Berzinsh,R"]
[Result "0-1"]
[WhiteElo "2353"]
[BlackElo "2428"]

1.e4 e5 2.Bc4 Nf6 3.d3 Nc6 4.Nc3 Na5 5.Nge2 Bc5 6.Ng3 Nxc4 7.dxc4 d6 8.O-O Be6
9.Qd3 O-O 10.Bg5 h6 11.Bxf6 Qxf6 12.Nd5 Qd8 13.b3 a5 14.a4 g6 15.Kh1 c6 16.Ne3
Qg5 17.Ne2 Rae8 18.Rae1 f5 19.exf5 gxf5 20.f4 Qf6 21.c3 Bc8 22.Ng3 exf4 23.Nh5
Qg5 24.Nxf4 Re4 25.g3 Rfe8 26.Neg2 Bd7 27.Qd2 R8e7 28.b4 axb4 29.cxb4 Bd4
30.Rxe4 Rxe4 31.Nh4 Be5 32.Nhg6 Be8 33.Nh4 Bf7 34.Qf2 Bxc4 35.Nh3 Qg4 36.Nxf5
Qxh3 37.Rc1 Re2 38.Ne7+ Kg7 {#R} 0-1

[Event "Karpos Open 2017"]
[Site "Skopje MKD"]
[Date "2017.04.07"]
[Round "8.12"]
[White "Rzayev,B"]
[Black "Petrov,Vl5"]
[Result "1-0"]
[WhiteElo "2391"]
[BlackElo "2353"]

1.e4 c5 2.Nf3 d6 3.d4 cxd4 4.Nxd4 Nf6 5.Nc3 a6 6.h3 g6 7.g4 Bg7 8.g5 Nfd7
9.Be3 b5 10.Qd2 Bb7 11.f3 Nb6 12.a3 N8d7 13.Qf2 Rc8 14.h4 Ne5 15.Nf5 gxf5
16.Bxb6 Qd7 17.O-O-O fxe4 18.Bh3 e6 19.Nxe4 Bxe4 20.fxe4 b4 21.axb4 Qa4 22.Kb1
Qxb4 23.Bd4 O-O 24.h5 Nc4 25.Bxg7 Na3+ 26.Kc1 Kxg7 27.Rd2 Nc4 28.Qf6+ Kg8
29.h6 Qxb2+ 30.Qxb2 Nxb2 31.Kxb2 Rc6 32.Rb1 Rfc8 33.Bf1 a5 34.Kc1 Rc5 35.Ba6
Rf8 36.Rb5 Rxb5 37.Bxb5 Rd8 38.c4 Kf8 39.c5 Ke7 40.c6 Rc8 41.Rc2 Kd8 42.Ba6
Rc7 43.Bb7 Re7 44.Ra2 Kc7 45.Rxa5 Re8 46.Ra8 Rxa8 47.Bxa8 Kb8 48.Bb7 Ka7
49.Bc8 {#r} 1-0

[Event "Karpos Open 2017"]
[Site "Skopje MKD"]
[Date "2017.04.07"]
[Round "8.13"]
[White "Livaic,Leon"]
[Black "Nikolic,N MNE"]
[Result "1-0"]
[WhiteElo "2460"]
[BlackElo "2379"]

1.d4 Nf6 2.c4 g6 3.Nc3 Bg7 4.e4 d6 5.Be2 O-O 6.Be3 e5 7.d5 Na6 8.g4 Nc5 9.Bf3
c6 10.h4 cxd5 11.cxd5 Qa5 12.Kf1 Qb4 13.Kg2 Qxb2 14.Rc1 Bd7 15.g5 Nh5 16.Bxh5
gxh5 17.Bxc5 dxc5 18.Nge2 b5 19.Rb1 Qa3 20.Nxb5 Qxa2 21.Ra1 Qb2 22.Nd6 f6
23.Rb1 Qa3 24.Ng3 fxg5 25.Ndf5 g4 26.Rb7 Rf7 27.Rb3 Qa2 28.Qd3 Bf8 29.Rhb1 c4
30.Qxc4 Rc8 31.Qd3 Rc2 32.Qe3 Bxf5 33.exf5 h6 34.Rb8 Qxd5+ 35.Kg1 Kh7 36.Ne4
Bc5 37.Rh8+ Kxh8 38.Qxh6+ Kg8 39.Rb8+ Rf8 40.Nf6+ Kf7 41.Qg6+ {#r} 1-0